00549nam a2200169 a 450000100060000000300090000600800410001502000150005604000280007108200160009910000310011524501450014626000420029130000080033365000160034165000220035713346CO-ViMGA141112s2004 ck r 000 u spa d a9583312592 aCO-ViMGAbspacCO-ViMGA04a741.5 T677t1 aTorres Maldonado, Mauricio10aTirando linea : bseleccion de caricaturas publicadas en diferentes medios de comunicacion, en los ultimos quince años, y algunas ineditas aVillavicencio : bGM editores, c1999 a20514aCARICATURAS14aHUMORISMO GRAFICO